Loading...
| Literature - European | 0 | 7 | 0 | 2 | 70 | 28 | 88.57 | 2 | 3 | 0.00 | 0.00 |
| Fine Arts - Classical Music | 0 | 6 | 1 | 0 | 55 | 32 | 49.67 | 2 | 5 | 0.00 | 0.00 |
| Science - Chemistry | 0 | 4 | 0 | 2 | 40 | 37 | 74.50 | 1 | 2 | 0.00 | 0.00 |
| Literature - American | 0 | 4 | 1 | 1 | 35 | 69 | 84.50 | 0 | 1 | 0.00 | 0.00 |
| Literature - World | 0 | 3 | 0 | 1 | 30 | 81 | 107.67 | 0 | 1 | 0.00 | 0.00 |
| Literature - British | 0 | 2 | 0 | 1 | 20 | 90 | 100.50 | 1 | 1 | 0.00 | 0.00 |
| Science - Other | 0 | 2 | 0 | 1 | 20 | 23 | 60.50 | 1 | 1 | 0.00 | 0.00 |
| Science - Biology | 0 | 2 | 1 | 0 | 15 | 65 | 69.50 | 0 | 0 | 0.00 | 0.00 |
| History - Other | 0 | 2 | 1 | 0 | 15 | 44 | 66.00 | 0 | 1 | 0.00 | 0.00 |
| Geography | 0 | 1 | 0 | 0 | 10 | 74 | 74.00 | 0 | 1 | 0.00 | 0.00 |
| History - European | 0 | 1 | 0 | 0 | 10 | 63 | 63.00 | 0 | 1 | 0.00 | 0.00 |
| Fine Arts - Other | 0 | 1 | 0 | 0 | 10 | 72 | 72.00 | 0 | 1 | 0.00 | 0.00 |
| Social Science | 0 | 1 | 0 | 0 | 10 | 82 | 82.00 | 0 | 0 | 0.00 | 0.00 |
| History - American | 0 | 1 | 1 | 0 | 5 | 84 | 84.00 | 0 | 0 | 0.00 | 0.00 |